000 00247nam a2200109Ia 4500
008 170627s9999 xx 000 0 und d
100 _aJAIN- N.C.
245 0 _aMANAGEMENT THEORY AND PRACTICE
260 _bAITBS
260 _c2005
546 _aENGLISH
690 _aMANAGEMENT
999 _c35434
_d35434